02111nam a2200373 a 450000100060000000300080000600500170001400800410003102000270007203500190009904000270011804100080014508200220015310000230017524500630019826000710026130000340033250000200036650400540038650501570044065000200059771000400061774000160065774000190067374000400069294200120073299900170074495201630076195201630092495201630108795201630125095201630141395201610157665850BD-RjUL20211209081454.0170312s1988 ii a b f001 0 eng  cRs380.00 ($50.00 U.S.) a(BD-RjUL)65980 aDLCcDLCdBD-RjULbeng aeng00a590223bGHF 1988 a Ghosh A K919473714aThe fauna of India and the adjacent countries /cA K Ghosh aCalcutta :bZoological Survey of India,cc1982-1984-1988-1990-1993 axiv, 429 p. :bill. ;c25 cm. aIncludes index. aIncludes bibliographical references (p. 375-392). aPt 1 Superfamily : pygidicranoidea Pt. 2 Subfamily lachninae Pt-3 Subfamily pemphiginae Pt. 5 Subfamily : drepanosiphinae Pt. 6 Subfamily : Greenideinae aAnimals91947382 aZoological Survey of India.91947390 aEarthworms.0 aOctochaetidae.0 aMegadrile Oligochaeta (earthworms). 2ddccBK c65850d65850 00102ddc40718NFICaRUCLbRUCLcReadingd1996-05-14eCultural Centure of Island pub.g45.00l0o590 GHF Pt-1 1988r2017-03-12 00:00:00tC-1w2021-12-09yBK 00102ddc40718NFICaRUCLbRUCLcReadingd1996-05-14eCultural Centure of Island pub.g35.00l0o590 GHF Pt-6 1993r2017-03-14 00:00:00tC-1w2017-03-14yBK 00102ddc40718NFICaRUCLbRUCLcReadingd1996-05-14eCultural Centure of Island pub.g40.00l0o590 GHF Pt-2 1982r2017-03-14 00:00:00tC-1w2021-12-09yBK 00102ddc40718NFICaRUCLbRUCLcReadingd1996-05-14eCultural Centure of Island pub.g45.00l0o590 GHF Pt-3 1984r2017-03-14 00:00:00tC-1w2017-03-14yBK 00102ddc40718NFICaRUCLbRUCLcReadingd1996-05-14eCultural Centure of Island pub.g45.00l0o590 GHF Pt-5 1990r2017-03-14 00:00:00tC-1w2017-03-14yBK 00102ddc40708NFICaRUCLbRUCLcStackd1996-05-14eCultural Centure of Island pub.g45.00l0o590 GHF Pt-1 1988r2017-03-14 00:00:00tC-2w2017-03-14yBK